La lingüística estructural
Bewaard in:
| Hoofdauteur: | |
|---|---|
| Formaat: | Boek |
| Taal: | Spaans |
| Gepubliceerd in: |
Barcelona
Anagrama
1971
|
| Reeks: | Argumentos, 19
|
| Onderwerpen: | |
| Tags: |
Voeg label toe
Geen labels, Wees de eerste die dit record labelt!
|
MARC
| LEADER | 00000nam a2200000 a 4500 | ||
|---|---|---|---|
| 001 | UCQ2498 | ||
| 003 | CL-VaPUC | ||
| 008 | 980724e19710000SP |||||||||||||||||spa|d | ||
| 082 | 0 | 4 | |a 410 |b LEP |2 21 |
| 100 | |a Lepschy, Giulio C |e autore |9 416421 | ||
| 245 | 1 | 3 | |a La lingüística estructural |
| 300 | |a 238 p | ||
| 942 | |c BK | ||
| 945 | |d 19980724 00:00:00 |a crobeson | ||
| 260 | |a Barcelona |b Anagrama |c 1971 | ||
| 650 | 0 | |a Lenguaje |9 265069 | |
| 650 | 0 | |a Lingüística |9 265068 | |
| 650 | 7 | |a TEORIA LINGUISTICA |2 CL-VaPUC |9 334835 | |
| 650 | 0 | |a Estructuralismo |9 265696 | |
| 650 | 0 | |a Lingüistas |9 269172 | |
| 650 | 0 | |a Escuelas filosóficas |9 266232 | |
| 650 | 0 | |a Gramática |9 270497 | |
| 650 | 7 | |a SEMANRTICA |2 CL-VaPUC |9 416422 | |
| 650 | 0 | |a Fonología |9 341074 | |
| 650 | 7 | |a GRAMATICA TRANSFORMACIONAL |2 CL-VaPUC |9 345086 | |
| 583 | |a last modification |c 19980724 00:00:00 |k Rodrigo Vera | ||
| 490 | 0 | |a Argumentos, 19 | |
| 999 | |c 273316 |d 273314 | ||
| 952 | |0 0 |1 0 |4 0 |6 410_000000000000000_LEP_1971 |7 0 |8 A |9 308756 |a BIBEDU |b BIBEDU |d 2019-11-20 |i 144820K |o 410 LEP 1971 |p 144820K |r 2019-11-20 |w 2019-11-20 |y BK |k LIT | ||
| 952 | |0 0 |1 0 |4 0 |6 410_000000000000000_LEP_1971 |7 0 |8 A |9 308757 |a BIBEDU |b BIBEDU |d 2019-11-20 |i 1448218 |o 410 LEP 1971 |p 1448218 |r 2019-11-20 |w 2019-11-20 |y BK |k LIT | ||
| 952 | |0 0 |1 0 |4 0 |6 410_000000000000000_LEP_1971 |7 0 |8 A |9 308758 |a FDOPOS |b FDOPOS |d 2019-11-20 |i 3691292 |o 410 LEP 1971 |p 3691292 |r 2025-01-22 |w 2019-11-20 |y BK |k MLA | ||
| 952 | |0 0 |1 0 |4 0 |6 410_000000000000000_LEP_1971 |7 0 |8 A |9 308759 |a FDOPOS |b FDOPOS |d 2019-11-20 |i 4271947 |o 410 LEP 1971 |p 4271947 |r 2025-01-22 |w 2019-11-20 |y BK |k MLA | ||